000 00365nam a2200133Ia 4500
003 GCL
008 140319s9999 xx 000 0 ara d
040 _aGCL /
_cGCL
082 0 4 _a811.4
_bح ش
245 1 0 _aالشعراء الصعاليك فى العصر العباسى الاول
260 _a[S.N] :
_bدار الجيل ،
_c1988
300 _a178 ص
490 _a
999 _c28780
_d28780